Bilingual Public Schooling in the United States : A History of America's "Polyglot Boardinghouse" /

This history of one of the most contentious educational issues in America examines bilingual instruction in the United States from the common school era to the recent federal involvement in the 1960s and 1970s. Drawing from school reports, student narratives, legal resources, policy documents, and o...

Full description

Bibliographic Details
Main Author: Ramsey, Paul J. (Author)
Corporate Author: SpringerLink (Online service)
Format: eBook
Language:English
Published: New York : Palgrave Macmillan US : Imprint: Palgrave Macmillan, 2010.
Subjects:
Online Access:Connect to the full text of this electronic book

MARC

Tag First Indicator Second Indicator Subfields
LEADER 00000cam a22000005i 4500
001 in00003723213
005 20210728125226.0
006 m o d
007 cr nn 008mamaa
008 151207s2010 xxu| o |||| 0|eng d
020 |a 9780230106093  |9 978-0-230-10609-3 
024 7 |a 10.1057/9780230106093  |2 doi 
035 |a (DE-He213)978-0-230-10609-3 
035 |a 5304578 
040 |d UtOrBLW 
050 4 |a LB43 
072 7 |a EDU043000  |2 bisacsh 
072 7 |a JN  |2 bicssc 
082 0 4 |a 370.116  |2 23 
082 0 4 |a 370.9  |2 23 
100 1 |a Ramsey, Paul J.,  |e author.  |0 http://id.loc.gov/authorities/names/n2009061420 
245 1 0 |a Bilingual Public Schooling in the United States :  |b A History of America's "Polyglot Boardinghouse" /  |c by Paul J. Ramsey. 
264 1 |a New York :  |b Palgrave Macmillan US :  |b Imprint: Palgrave Macmillan,  |c 2010. 
300 |a 1 online resource (XIII, 278 pages) 
336 |a text  |b txt  |2 rdacontent 
337 |a computer  |b c  |2 rdamedia 
338 |a online resource  |b cr  |2 rdacarrier 
347 |a text file  |b PDF  |2 rda 
500 |a Electronic resource. 
520 |a This history of one of the most contentious educational issues in America examines bilingual instruction in the United States from the common school era to the recent federal involvement in the 1960s and 1970s. Drawing from school reports, student narratives, legal resources, policy documents, and other primary sources, the work teases out the underlying agendas and patterns in bilingual schooling during much of America s history. The study demonstrates clearly how the broader context - the cultural, intellectual, religious, demographic, economic, and political forces - shaped the contours of dual-language instruction in America between the 1840s and 1960s. Ramsey s work fills a crucial void in the educational literature and addresses not only historians, linguists, and bilingual scholars, but also policymakers and practitioners in the field. 
650 1 4 |a Education. 
650 2 4 |a History of Education. 
650 2 4 |a International and Comparative Education. 
650 2 4 |a Language Education. 
650 2 4 |a Language Teaching. 
650 2 4 |a Nature Conservation. 
650 2 4 |a Sociology of Education. 
650 0 |a Comparative education.  |0 http://id.loc.gov/authorities/subjects/sh85029297 
650 0 |a Education  |x History.  |0 http://id.loc.gov/authorities/subjects/sh85041012 
650 0 |a Education.  |0 http://id.loc.gov/authorities/subjects/sh85040989 
650 0 |a Educational sociology.  |0 http://id.loc.gov/authorities/subjects/sh85041146 
650 0 |a International education.  |0 http://id.loc.gov/authorities/subjects/sh85067399 
650 0 |a Language and education.  |0 http://id.loc.gov/authorities/subjects/sh85074515 
650 0 |a Language and languages  |x Study and teaching.  |0 http://id.loc.gov/authorities/subjects/sh85074536 
650 0 |a Nature conservation.  |0 http://id.loc.gov/authorities/subjects/sh85090284 
655 7 |a Electronic books.  |2 local 
710 2 |a SpringerLink (Online service)  |0 http://id.loc.gov/authorities/names/no2005046756 
773 0 |t Springer eBooks 
776 1 8 |i Printed edition:  |z 9781349381111 
856 4 0 |u http://proxy.library.tamu.edu/login?url=https://dx.doi.org/10.1057/9780230106093  |z Connect to the full text of this electronic book  |t 0 
999 f f |s 81d7dae9-0965-3e32-abff-7d80256111e3  |i c16ce243-8217-3730-8a08-241ae69aab1c  |t 0 
952 f f |a Texas A&M University  |b College Station  |c Electronic Resources  |d Available Online  |t 0  |e LB43  |h Library of Congress classification 
998 f f |a LB43  |t 0  |l Available Online